| 000 | 00847nam a2200241Ia 4500 | ||
|---|---|---|---|
| 003 | Ost | ||
| 005 | 20260507075400.0 | ||
| 008 | 260507s9999||||xx |||||||||||||| ||und|| | ||
| 020 | _a391256995797 | ||
| 040 | _cfsecg | ||
| 041 | _aara | ||
| 082 | _a600 | ||
| 100 |
_aالخفاجي، نعمة _eمؤلف |
||
| 245 | 0 |
_aالعدسات الإستراتيجية / _c نعمة الخفاجي |
|
| 250 | _aطبعة 2 | ||
| 260 |
_aعمان: _bدار اليازوري العلمية للنشر والتوزيع, _c2015 |
||
| 300 |
_a147 صفحة؛ _bإيضاحات ؛ _c25 سم |
||
| 520 | _aفكرة الإستراتيجية، عدسات الإستراتيجية، الأدوات الإستراتيجية | ||
| 653 | _aالإدارة | ||
| 653 | _aالإدارة العلمية | ||
| 653 | _aتقنيات الإدارة | ||
| 942 | _cكتاب | ||
| 999 |
_c44265 _d44265 |
||